Normal view
MARC view
- Bayer, R. G.
Entry Personal Name
001 - CONTROL NUMBER
- control field: 55810
003 - CONTROL NUMBER IDENTIFIER
- control field: NUST
005 - DATE AND TIME OF LATEST TRANSACTION
- control field: 20210628201543.0
008 - FIXED-LENGTH DATA ELEMENTS
- fixed length control field: 210628|| aca||aabn | a|a d
040 ## - CATALOGING SOURCE
- Original cataloging agency: NUST
- Transcribing agency: NUST
100 ## - HEADING--PERSONAL NAME
- Personal name: Bayer, R. G.
- Fuller form of name: (Raymond George),
- Dates associated with a name: 1935-
670 ## - SOURCE DATA FOUND
- Source citation: Work cat.: (NUST): Bayer, R. G. (Raymond George), 1935-, Mechanical wear fundamentals and testing /, c2004.
